Statistics for Top 10 players all-time NBA

Click here to take the quiz!

General Stats

  • This quiz has been taken 29 times
  • The average score is 9 of 15

Answer Stats

HintAnswer% Correct
CLELebron James
100%
CHIMichael Jordan
93%
BOSBill Russell
71%
LALKobe Bryant
68%
SASTim Duncan
64%
BOSLarry Bird
61%
LALMagic Johnson
61%
GSWStephen Curry
61%
GSWWilt Chamberlain
57%
HOSHakeem Olajuwon
54%
ORLShaquille O,Neal
54%
SASDavid Robinson
39%
PHXKevin Durant
39%
MILKareem Abdul-Jabaar
14%
RYLOscar Robertson
14%

Score Distribution

Percentile by Number Answered

Percent of People with Each Score

Your Score History

You have not taken this quiz